Résultats des finales de la Coupe du monde - Mort subite - Statistiques

Statistiques générales
  • Ce quiz a été pris 115 fois
  • Le résultat moyen est 6 sur 16
Answers on the Grid
Answers color-coded by a green-red scale on the quiz's grid according to % correct below.
0-0 2 t.a.b. 1
1-1 2 t.a.b. 1
4-0
5-0
2-2 4 t.a.b. 3
2-0 a.p.
4-3
4-0
3-2 a.p.
4-3
5-1
0-0 3 t.a.b. 2
1-0 a.p.
1-1 5 t.a.b. 3
2-0
2-1
2-1 a.p.
3-0
3-1
3-1 a.p.
3-2
3-3 4 t.a.b. 2
4-1
4-2
4-2 a.p.
5-2
1-0
 
Statistiques - réponses
Réponse % Correct
4-2
67%
1-0
61%
3-3 4 t.a.b. 2
58%
3-0
56%
1-1 5 t.a.b. 3
42%
2-0
40%
1-0 a.p.
35%
5-2
34%
2-1
31%
0-0 3 t.a.b. 2
27%
4-2 a.p.
21%
3-1
20%
3-2
20%
4-1
20%
2-1 a.p.
15%
3-1 a.p.
12%
Aucun quiz correspondant
Distribution des résultats
% des personnes avec chaque résultat
Percentile par nombre de réponses
Votre historique - résultats
Vous n’avez pas pris ce quiz